01193 2200349 4500001002100000005001500021035002000036007000300056008004100059245016700100264004100267336002100308337003000329338002300359440003900382020002200421082001000443084001900453100002600472250002900498300004100527650001900568700001700587700002500604700003600629700002900665700003700694504002900731740005100760990001600811990001600827INLIS00000000116295820230110121031 a0010-0123000126ta230110 b 1 ind 1 aAl-khawarizmi :btokoh utama matematika /cYoli Hemdi; editor, Aang, Arif Anggoro, penerjemah, Nur Lailatur Rofiah, ilustrator, Joy Subarjah, Yusuf M. Suriawinata aJakarta :bLuxima Metro Media,c2019 2rdacontentateks 2rdamediaatanpa perantara 2rdacarrieravolume aIlmuwan muslim yang dikagumi dunia a978-602-268-524-1 a2X9.8 aSR 2X9.8 YOL a aYoli Hemdiepengarang aCetakan I, Desember 2019 aiv, 46 halaman :bilustrasi ;c25 cm 4aBiografi Islam0 aAangeeditor0 aArif Anggoroeeditor0 aNur Lailatur Rofiahepenerjemah0 aJoy Subarjaheilustrator0 aYusuf M. Suriawinataeilustrator aBibliografi : halaman 43 aal-khawarizmi : the main figure in mathematics a51132.63952 a51133.63953